000
00273nam a2200121Ia 4500
008
220120s9999||||xx |||||||||||||| ||und||
020
_a
521425050
082
_a
621.395
100
_a
Godse, A.P
_9
1195
245
0
_a
Logic design
260
_b
Cambridge
300
_a
187p.
_b
0
999
_c
136515
_d
136515